000 00413 a2200121 4500
000 nam a22 7a 4500
005 20260512152436.0
020 _a9789382699316
100 _aडॉ. डी .एन.प्रसाद
_91239177
245 _aधर्मवीर भारती के उपन्यास निबंध और कहानियाँ
260 _bVikalp prakashan
_c2024
942 _cTEXL
999 _c1851280
_d1851280